[Event "HUN-chT2 Szechenyi 1819"]
[Site "Hungary"]
[Date "2019.02.24"]
[Round "6.2"]
[White "Kiss, Robert"]
[Black "Odor, Istvan"]
[Result "0-1"]
[WhiteElo "2053"]
[BlackElo "2147"]
[PlyCount "66"]
[EventDate "2018.10.28"]
[EventType "team-tourn"]
[EventRounds "9"]
[EventCountry "HUN"]
[SourceTitle "EXT 2021"]
[Source "ChessBase"]
[SourceDate "2020.10.23"]
[SourceVersion "1"]
[SourceVersionDate "2020.10.23"]
[SourceQuality "1"]
[WhiteTeam "Arboretum"]
[BlackTeam "Sarvar"]
[WhiteTeamCountry "HUN"]
[BlackTeamCountry "HUN"]

1. d4 d5 2. Bg5 Nf6 3. Bxf6 gxf6 4. e3 e5 5. c4 c6 6. Nc3 Be6 7. Qb3 exd4 8. exd4 Qe7 9. 0-0-0 Bf5 10. Nf3 Bh6+ 11. Nd2 0-0 12. g3 dxc4 13. Bxc4 b5 14. Bf1 b4 15. Ncb1 Qe4 16. f4 Qxh1 17. Bd3 Qd5 18. Qxd5 cxd5 19. Bxf5 Nc6 20. Nb3 Ne7 21. Bd7 Rfd8 22. Nc5 a5 23. Nd2 Ra7 24. Ba4 Bf8 25. Ndb3 Nf5 26. Rd3 Rc7 27. Kd2 Nxd4 28. Nxd4 Rxc5 29. Nb3 Rc7 30. Nxa5 Ra8 31. Rxd5 Rca7 32. Bb3 Rxa5 33. Rd7 R5a7 0-1

[Event "HUN-chT2 Szechenyi 1819"]
[Site "Hungary"]
[Date "2018.11.18"]
[Round "2.2"]
[White "Kiss, Robert"]
[Black "Boronyak, Arpad"]
[Result "1/2-1/2"]
[WhiteElo "2053"]
[BlackElo "2120"]
[PlyCount "44"]
[EventDate "2018.10.28"]
[EventType "team-tourn"]
[EventRounds "9"]
[EventCountry "HUN"]
[SourceTitle "EXT 2021"]
[Source "ChessBase"]
[SourceDate "2020.10.23"]
[SourceVersion "1"]
[SourceVersionDate "2020.10.23"]
[SourceQuality "1"]
[WhiteTeam "Arboretum"]
[BlackTeam "Csuti Baki Agrocentrum"]
[WhiteTeamCountry "HUN"]
[BlackTeamCountry "HUN"]

1. d4 Nf6 2. Bg5 e6 3. Nf3 Be7 4. c4 d5 5. e3 0-0 6. Nc3 b6 7. cxd5 Nxd5 8. Bxe7 Qxe7 9. Bd3 Bb7 10. 0-0 Nd7 11. Rc1 c5 12. Nxd5 exd5 13. b3 Nf6 14. Qe2 Ne4 15. Ba6 Bxa6 16. Qxa6 Rac8 17. Qd3 Rfd8 18. Rfd1 Qe6 19. dxc5 bxc5 20. Nd2 c4 21. Qd4 Nxd2 22. Qxd2 cxb3 1/2-1/2

[Event "HUN-chT2 Szechenyi 1617"]
[Site "Hungary"]
[Date "2017.04.09"]
[Round "11.1"]
[White "Jansen, Christof"]
[Black "Kiss, Robert"]
[Result "1-0"]
[WhiteElo "2214"]
[BlackElo "2067"]
[PlyCount "81"]
[EventDate "2016.09.25"]
[EventType "team-tourn"]
[EventRounds "11"]
[EventCountry "HUN"]
[SourceTitle "EXT 2021"]
[Source "ChessBase"]
[SourceDate "2020.10.23"]
[SourceVersion "1"]
[SourceVersionDate "2020.10.23"]
[SourceQuality "1"]
[WhiteTeam "Keszthely Spartacus"]
[BlackTeam "Arboretum"]
[WhiteTeamCountry "HUN"]
[BlackTeamCountry "HUN"]

1. g3 g6 2. Bg2 Bg7 3. c3 c6 4. e4 e5 5. d4 d6 6. dxe5 dxe5 7. Qxd8+ Kxd8 8. Na3 Be6 9. Bh3 Bxh3 10. Nxh3 Nf6 11. f3 Nbd7 12. Nc4 Kc7 13. a4 Ne8 14. Ng5 b5 15. axb5 cxb5 16. Ne3 Nd6 17. b3 h6 18. Nh3 a5 19. Ba3 a4 20. Nd5+ Kc6 21. Ne7+ Kc7 22. Ke2 Nb6 23. Rhd1 Rhd8 24. Bc5 Bf8 25. Bxb6+ Kxb6 26. Nd5+ Kc6 27. bxa4 Rxa4 28. Nf2 Rda8 29. Nb4+ Kb6 30. Rab1 Nc4 31. Nfd3 Ra2+ 32. Nxa2 Rxa2+ 33. Ke1 Rxh2 34. Kf1 Ne3+ 35. Kg1 Rg2+ 36. Kh1 Rxg3 37. Rd2 Rxf3 38. Nxe5 Rh3+ 39. Kg1 Bg7 40. Rd6+ Kc5 41. Rc6# 1-0

[Event "HUN-chT2 Szechenyi 1617"]
[Site "Hungary"]
[Date "2017.03.12"]
[Round "10.1"]
[White "Kiss, Robert"]
[Black "Gyarmati, Janos"]
[Result "1/2-1/2"]
[WhiteElo "2067"]
[BlackElo "2018"]
[PlyCount "44"]
[EventDate "2016.09.25"]
[EventType "team-tourn"]
[EventRounds "11"]
[EventCountry "HUN"]
[SourceTitle "EXT 2021"]
[Source "ChessBase"]
[SourceDate "2020.10.23"]
[SourceVersion "1"]
[SourceVersionDate "2020.10.23"]
[SourceQuality "1"]
[WhiteTeam "Arboretum"]
[BlackTeam "Tapolca VSE II"]
[WhiteTeamCountry "HUN"]
[BlackTeamCountry "HUN"]

1. d4 d5 2. Bg5 Nf6 3. Bxf6 exf6 4. e3 Bd6 5. c4 c6 6. Nc3 dxc4 7. Bxc4 Be6 8. Bxe6 fxe6 9. Qb3 Qe7 10. Nge2 Kf7 11. Ng3 Rd8 12. Nge4 Qc7 13. Nxd6+ Rxd6 14. 0-0 Na6 15. Rac1 Qe7 16. f4 Kf8 17. a3 Rad8 18. Qc2 g6 19. Ne4 Rd5 20. b4 Kg7 21. Nc3 Rh5 22. Rfd1 Nc7 1/2-1/2

[Event "HUN-chT2 Szechenyi 1617"]
[Site "Hungary"]
[Date "2017.02.26"]
[Round "9.2"]
[White "Kiss, Robert"]
[Black "Oltean, Gusztav"]
[Result "1/2-1/2"]
[WhiteElo "2067"]
[BlackElo "2070"]
[PlyCount "24"]
[EventDate "2016.09.25"]
[EventType "team-tourn"]
[EventRounds "11"]
[EventCountry "HUN"]
[SourceTitle "EXT 2021"]
[Source "ChessBase"]
[SourceDate "2020.10.23"]
[SourceVersion "1"]
[SourceVersionDate "2020.10.23"]
[SourceQuality "1"]
[WhiteTeam "Arboretum"]
[BlackTeam "Veszprem Ezust Huszar"]
[WhiteTeamCountry "HUN"]
[BlackTeamCountry "HUN"]

1. d4 c5 2. dxc5 e6 3. e4 Bxc5 4. c4 d6 5. Nc3 a6 6. Nf3 Ne7 7. Bd3 Ng6 8. 0-0 Nc6 9. Qe2 Nge5 10. Nxe5 Nxe5 11. Bc2 0-0 12. b3 f5 1/2-1/2

[Event "HUN-chT2 Szechenyi 1617"]
[Site "Hungary"]
[Date "2017.01.29"]
[Round "7.3"]
[White "Csuta, Akos Koppany"]
[Black "Kiss, Robert"]
[Result "1-0"]
[WhiteElo "2150"]
[BlackElo "2067"]
[PlyCount "111"]
[EventDate "2016.09.25"]
[EventType "team-tourn"]
[EventRounds "11"]
[EventCountry "HUN"]
[SourceTitle "EXT 2021"]
[Source "ChessBase"]
[SourceDate "2020.10.23"]
[SourceVersion "1"]
[SourceVersionDate "2020.10.23"]
[SourceQuality "1"]
[WhiteTeam "Gyor Szechenyi"]
[BlackTeam "Arboretum"]
[WhiteTeamCountry "HUN"]
[BlackTeamCountry "HUN"]

1. e4 c5 2. Nf3 d6 3. c3 Nf6 4. Bd3 e5 5. Bc2 Nc6 6. 0-0 Bg4 7. d3 Be7 8. Nbd2 0-0 9. Re1 Ne8 10. h3 Bh5 11. Nf1 Nc7 12. Ne3 Qd7 13. Nf5 Rae8 14. Qe2 Bg6 15. N3h4 Bf6 16. Qg4 Qc8 17. Nxg6 hxg6 18. Nxd6 Qxg4 19. hxg4 Rb8 20. Be3 b6 21. Ba4 Rfd8 22. Nxf7 Kxf7 23. Bxc6 Rxd3 24. Rad1 Rxd1 25. Rxd1 Rd8 26. Bd5+ Nxd5 27. Rxd5 Rxd5 28. exd5 c4 29. f3 Bh4 30. Kf1 Ke7 31. b3 b5 32. bxc4 bxc4 33. Bc5+ Kd7 34. Ke2 Bg5 35. Bxa7 Kd6 36. a4 Kxd5 37. a5 Kc6 38. a6 Kc7 39. g3 Bc1 40. Be3 Ba3 41. f4 e4 42. Bd4 Bc1 43. Bc5 Bb2 44. Kd2 e3+ 45. Bxe3 Ba3 46. Bd4 Kc6 47. Ke3 Bc1+ 48. Ke4 Bd2 49. a7 Kb7 50. f5 Be1 51. Bxg7 Kxa7 52. f6 Bxc3 53. Kd5 Kb6 54. Kxc4 Bb2 55. Kd5 Kc7 56. Ke6 1-0

[Event "HUN-chT2 Szechenyi 1617"]
[Site "Hungary"]
[Date "2016.11.27"]
[Round "5.2"]
[White "Bartok, Zoltan"]
[Black "Kiss, Robert"]
[Result "0-1"]
[WhiteElo "1931"]
[BlackElo "2067"]
[PlyCount "120"]
[EventDate "2016.09.25"]
[EventType "team-tourn"]
[EventRounds "11"]
[EventCountry "HUN"]
[SourceTitle "EXT 2021"]
[Source "ChessBase"]
[SourceDate "2020.10.23"]
[SourceVersion "1"]
[SourceVersionDate "2020.10.23"]
[SourceQuality "1"]
[WhiteTeam "Papa"]
[BlackTeam "Arboretum"]
[WhiteTeamCountry "HUN"]
[BlackTeamCountry "HUN"]

1. e4 c5 2. Nf3 d6 3. d4 cxd4 4. Nxd4 Nf6 5. Nc3 g6 6. Bc4 Bg7 7. f3 0-0 8. Be3 Nc6 9. Nde2 Nd7 10. a3 Nde5 11. Ba2 Be6 12. Nd5 b5 13. Nd4 Nxd4 14. Bxd4 Rc8 15. 0-0 a6 16. f4 Nc4 17. Bxg7 Kxg7 18. Qd4+ Kg8 19. f5 Bxd5 20. exd5 Qb6 21. Qxb6 Nxb6 22. f6 Rxc2 23. fxe7 Re8 24. Rac1 Rxb2 25. Rf2 Rxf2 26. Kxf2 Rxe7 27. Rc6 Na4 28. Rxd6 Nc3 29. Rd8+ Kg7 30. Bb3 Ne4+ 31. Kg1 Rc7 32. h3 Rc3 33. Re8 Rxb3 34. Rxe4 Rd3 35. a4 Rxd5 36. axb5 axb5 37. Rb4 h5 38. Kf2 Kf6 39. Ke3 Ke6 40. g4 Rc5 41. Kf3 hxg4+ 42. hxg4 f5 43. gxf5+ Kxf5 44. Rf4+ Ke5 45. Re4+ Kd5 46. Rg4 Rc6 47. Ke3 Kc5 48. Kd3 Kb6 49. Rf4 Ka5 50. Rf8 Ka4 51. Ra8+ Kb3 52. Kd2 b4 53. Rb8 Ka3 54. Ra8+ Kb2 55. Rb8 b3 56. Rb7 Rd6+ 57. Ke2 Kc2 58. Rc7+ Kb1 59. Rc8 b2 60. Rc5 Ra6 0-1

[Event "HUN-chT2 Szechenyi 1617"]
[Site "Hungary"]
[Date "2016.10.30"]
[Round "3.1"]
[White "Kiss, Robert"]
[Black "Toth, Bela"]
[Result "0-1"]
[WhiteElo "2067"]
[BlackElo "2350"]
[PlyCount "104"]
[EventDate "2016.09.25"]
[EventType "team-tourn"]
[EventRounds "11"]
[EventCountry "HUN"]
[SourceTitle "EXT 2021"]
[Source "ChessBase"]
[SourceDate "2020.10.23"]
[SourceVersion "1"]
[SourceVersionDate "2020.10.23"]
[SourceQuality "1"]
[WhiteTeam "Arboretum"]
[BlackTeam "Ajka ASSE"]
[WhiteTeamCountry "HUN"]
[BlackTeamCountry "HUN"]

1. d4 Nf6 2. Bg5 d5 3. Bxf6 exf6 4. e3 c6 5. Bd3 Nd7 6. Ne2 Bd6 7. 0-0 0-0 8. Nd2 Re8 9. c4 dxc4 10. Nxc4 Bc7 11. Qc2 g6 12. Rfd1 f5 13. g3 Nf6 14. Nc3 Qe7 15. Bf1 Be6 16. b3 Rad8 17. Bg2 h5 18. Nb2 h4 19. Nd3 hxg3 20. hxg3 Bd5 21. Nxd5 Nxd5 22. Nf4 Bxf4 23. gxf4 Qh4 24. Bxd5 Rxd5 25. Qc4 Qg4+ 26. Kf1 Kg7 27. Qe2 Qh3+ 28. Ke1 Qh1+ 29. Qf1 Qe4 30. Qe2 Rh8 31. Rac1 Rh1+ 32. Kd2 Rh2 33. Rc3 Qe7 34. Kc1 Qa3+ 35. Kb1 a5 36. Qc2 Qe7 37. Rc5 Qe4 38. Qxe4 fxe4 39. Rxd5 cxd5 40. Rd2 Kf6 41. Kc2 Rh1 42. Kc3 Rc1+ 43. Kb2 Rf1 44. Rc2 Kf5 45. Ka3 Kg4 46. Rc5 Rxf2 47. Rxd5 Kf3 48. Rxa5 Kxe3 49. Ra7 Kxd4 50. Kb4 e3 51. Rxb7 e2 52. Re7 Rxf4 0-1

[Event "HUN-chT2 Szechenyi 1617"]
[Site "Hungary"]
[Date "2016.10.09"]
[Round "2"]
[White "Magyar, Andras"]
[Black "Kiss, Robert"]
[Result "1-0"]
[WhiteElo "2251"]
[BlackElo "2067"]
[PlyCount "65"]
[EventDate "2016.09.25"]
[EventType "team-tourn"]
[EventRounds "11"]
[EventCountry "HUN"]
[SourceTitle "EXT 2021"]
[Source "ChessBase"]
[SourceDate "2020.10.23"]
[SourceVersion "1"]
[SourceVersionDate "2020.10.23"]
[SourceQuality "1"]
[WhiteTeam "Haladas Szombathely III"]
[BlackTeam "Arboretum"]
[WhiteTeamCountry "HUN"]
[BlackTeamCountry "HUN"]

1. e4 c5 2. Nf3 d6 3. d4 cxd4 4. Nxd4 Nf6 5. Nc3 g6 6. Bg5 Bg7 7. Bb5+ Bd7 8. Qe2 a6 9. Bxd7+ Nbxd7 10. 0-0-0 0-0 11. f4 Qa5 12. Nb3 Qc7 13. Rhe1 e5 14. Qd2 Rfe8 15. f5 Nc5 16. Qxd6 Nxb3+ 17. axb3 Qxd6 18. Rxd6 Nh5 19. Nd5 h6 20. Be7 Bf8 21. Bxf8 Rxf8 22. fxg6 f6 23. g4 Nf4 24. Nxf6+ Kg7 25. Nh5+ Nxh5 26. gxh5 Rad8 27. Re6 Rf2 28. Re7+ Kg8 29. Rxe5 Rc8 30. c3 Rd8 31. Rd5 Rdf8 32. Rd2 R2f4 33. e5 1-0

[Event "HUN-chT2 Szechenyi 1516"]
[Site "Hungary"]
[Date "2016.04.03"]
[Round "10.3"]
[White "Kiss, Robert"]
[Black "Oltean, Gusztav"]
[Result "1/2-1/2"]
[WhiteElo "2064"]
[BlackElo "2120"]
[PlyCount "104"]
[EventDate "2015.09.13"]
[EventType "team-tourn"]
[EventRounds "11"]
[EventCountry "HUN"]
[SourceTitle "EXT 2017"]
[Source "ChessBase"]
[SourceDate "2016.10.25"]
[SourceVersion "1"]
[SourceVersionDate "2016.10.25"]
[SourceQuality "1"]
[WhiteTeam "Arboretum"]
[BlackTeam "Ezust Huszar"]
[WhiteTeamCountry "HUN"]
[BlackTeamCountry "HUN"]

1. d4 g6 2. e4 c5 3. Nf3 cxd4 4. Qxd4 Nf6 5. Be3 Nc6 6. Qa4 Ng4 7. Qb3 Nxe3 8. Qxe3 Bg7 9. c3 d6 10. Be2 0-0 11. 0-0 Bd7 12. Nbd2 Qc7 13. Nb3 a6 14. Nbd4 Na5 15. Nd2 b5 16. Rfc1 Nc4 17. Nxc4 bxc4 18. b4 cxb3 19. axb3 a5 20. Ra2 Rfb8 21. Bd1 Qb6 22. Qd3 Ra7 23. Rca1 Rba8 24. h4 Qc5 25. Rc1 Bh6 26. Rb1 e5 27. Ne2 f5 28. Qd5+ Qxd5 29. exd5 Bf8 30. g3 Be7 31. Kg2 Bd8 32. c4 Bb6 33. Nc3 Bc5 34. Na4 Bd4 35. Rc1 f4 36. Nc3 Bxc3 37. Rxc3 fxg3 38. fxg3 Rc7 39. Rc1 Bf5 40. Bc2 Bxc2 41. Rcxc2 Rb7 42. Rcb2 Rb4 43. Ra3 Kg7 44. Rc2 a4 45. Rxa4 Raxa4 46. bxa4 Rxa4 47. c5 dxc5 48. Rxc5 Rd4 49. Rc7+ Kf6 50. Rxh7 Rxd5 51. h5 gxh5 52. Rxh5 Kg6 1/2-1/2

[Event "HUN-chT2 Szechenyi 1415"]
[Site "Hungary"]
[Date "2015.03.22"]
[Round "10.2"]
[White "Oltean, Gusztav"]
[Black "Kiss, Robert"]
[Result "0-1"]
[WhiteElo "2079"]
[BlackElo "2098"]
[PlyCount "102"]
[EventDate "2014.09.07"]
[EventType "team-tourn"]
[EventRounds "11"]
[EventCountry "HUN"]
[SourceTitle "EXT 2016"]
[Source "ChessBase"]
[SourceDate "2015.10.08"]
[SourceVersion "1"]
[SourceVersionDate "2015.10.08"]
[SourceQuality "1"]
[WhiteTeam "Veszprem"]
[BlackTeam "Arboretum"]
[WhiteTeamCountry "HUN"]
[BlackTeamCountry "HUN"]

1. d4 d5 2. Nf3 Bg4 3. Ne5 Bh5 4. g4 Bg6 5. h4 h6 6. Nxg6 fxg6 7. Qd3 Qd6 8. h5 g5 9. Nc3 c6 10. e4 e6 11. e5 Qd7 12. f4 gxf4 13. Qg6+ Qf7 14. Qxf7+ Kxf7 15. Bxf4 c5 16. Bd3 cxd4 17. Bg6+ Ke7 18. Nb5 Kd7 19. Nxd4 Nc6 20. 0-0-0 Nge7 21. Bf7 Nxd4 22. Rxd4 Nc6 23. Rdd1 Bc5 24. Rhf1 Rhf8 25. Bg3 Be3+ 26. Kb1 Ke7 27. Bg6 Bd4 28. Bh4+ Kd7 29. Rxf8 Rxf8 30. c4 dxc4 31. Be4 Rf4 32. Bh1 Kc7 33. Bg3 Rxg4 34. Bh2 Bxe5 35. Bf3 Rh4 36. Bg1 Bh2 37. Bc5 b6 38. Bf8 Be5 39. Be2 Rh2 40. Bxc4 Rxb2+ 41. Kc1 Rf2 42. Ba3 Nd4 43. Bd3 Bf4+ 44. Kb1 Rd2 45. Rc1+ Kd7 46. Ba6 Rh2 47. Rf1 e5 48. Bb2 Ne6 49. Rd1+ Ke7 50. Ba3+ Nc5 51. Bb5 Rxh5 0-1

[Event "HUN-chT2 Szechenyi 1415"]
[Site "Hungary"]
[Date "2015.03.01"]
[Round "9.1"]
[White "Ruck, Tamas"]
[Black "Kiss, Robert"]
[Result "1-0"]
[WhiteElo "2331"]
[BlackElo "2098"]
[PlyCount "79"]
[EventDate "2014.09.07"]
[EventType "team-tourn"]
[EventRounds "11"]
[EventCountry "HUN"]
[SourceTitle "EXT 2016"]
[Source "ChessBase"]
[SourceDate "2015.10.08"]
[SourceVersion "1"]
[SourceVersionDate "2015.10.08"]
[SourceQuality "1"]
[WhiteTeam "HVSE Infraplan"]
[BlackTeam "Arboretum"]
[WhiteTeamCountry "HUN"]
[BlackTeamCountry "HUN"]

1. e4 c5 2. Nf3 d6 3. d4 cxd4 4. Nxd4 Nf6 5. Nc3 g6 6. Be3 Bg7 7. f3 0-0 8. Qd2 Nc6 9. 0-0-0 a6 10. Kb1 Nxd4 11. Bxd4 Be6 12. h4 b5 13. h5 Qa5 14. Nd5 Qxd2 15. Nxe7+ Kh8 16. Rxd2 Nxh5 17. Bxg7+ Kxg7 18. Nc6 Ng3 19. Rg1 Nxf1 20. Rxf1 Rfc8 21. Rxd6 Rc7 22. Nd4 Bc8 23. c3 Bb7 24. Rd1 h5 25. Nc2 Kh6 26. Kc1 Kg5 27. Kd2 Re8 28. Ke3 a5 29. a3 h4 30. Rb6 Bc6 31. Nd4 Bxe4 32. fxe4 Rce7 33. Nf3+ Kg4 34. e5 Kg3 35. Rh1 g5 36. Rxb5 f6 37. Rxa5 Kxg2 38. Rg1+ Kh3 39. Kf2 Re6 40. Ra4 1-0

[Event "HUN-chT2 Szechenyi 1314"]
[Site "Hungary"]
[Date "2014.02.16"]
[Round "7.2"]
[White "Peredy, Ferenc"]
[Black "Kiss, Robert"]
[Result "1/2-1/2"]
[WhiteElo "2205"]
[BlackElo "2100"]
[PlyCount "120"]
[EventDate "2013.09.08"]
[EventType "team-tourn"]
[EventRounds "11"]
[EventCountry "HUN"]
[SourceTitle "EXT 2016"]
[Source "ChessBase"]
[SourceDate "2015.10.08"]
[SourceVersion "1"]
[SourceVersionDate "2015.10.08"]
[SourceQuality "1"]
[WhiteTeam "Balatonfuered"]
[BlackTeam "Arboretum"]
[WhiteTeamCountry "HUN"]
[BlackTeamCountry "HUN"]

1. e4 c5 2. c3 d6 3. d4 Nd7 4. Nf3 g6 5. Bc4 e6 6. Bg5 Qc7 7. Nbd2 Bg7 8. 0-0 Nb6 9. Bb3 Ne7 10. Qe2 0-0 11. Rad1 h6 12. Bh4 e5 13. dxc5 dxc5 14. h3 g5 15. Bg3 Ng6 16. Nc4 Nxc4 17. Qxc4 g4 18. hxg4 Bxg4 19. Rd2 Rad8 20. Rfd1 Be6 21. Qe2 Bg4 22. Qc4 Be6 23. Qe2 Bg4 24. Qe3 b6 25. Rxd8 Rxd8 26. Rd5 Rxd5 27. Bxd5 Qe7 28. Bc4 Kh7 29. Bd5 Bf6 30. a3 h5 31. Nh2 Bg5 32. Qd3 Bc8 33. Nf1 h4 34. Bh2 Nf4 35. Bxf4 Bxf4 36. Ne3 Qg5 37. Nf5 Bxf5 38. exf5 Kg7 39. a4 a5 40. b3 Bc1 41. Bc4 Bb2 42. Qd7 Qh5 43. Qd2 Ba3 44. Qe1 Qg5 45. Qxe5+ Qf6 46. Qxf6+ Kxf6 47. Bd5 Ke7 48. g3 hxg3 49. fxg3 f6 50. Kf2 Kd6 51. Bf7 Ke5 52. g4 Bb2 53. c4 Bc1 54. Kf3 Kd4 55. Be8 Kc3 56. Ke4 Kxb3 57. Bb5 Kb4 58. Kd5 Bg5 59. Kc6 Bh4 60. Kd5 Bg5 1/2-1/2

[Event "HUN-chT2 Szechenyi 1314"]
[Site "Hungary"]
[Date "2014.02.09"]
[Round "6.2"]
[White "Kiss, Robert"]
[Black "Tamas, Gyorgy"]
[Result "1-0"]
[WhiteElo "2100"]
[BlackElo "2082"]
[PlyCount "89"]
[EventDate "2013.09.08"]
[EventType "team-tourn"]
[EventRounds "11"]
[EventCountry "HUN"]
[SourceTitle "EXT 2016"]
[Source "ChessBase"]
[SourceDate "2015.10.08"]
[SourceVersion "1"]
[SourceVersionDate "2015.10.08"]
[SourceQuality "1"]
[WhiteTeam "Arboretum"]
[BlackTeam "Zala Volan"]
[WhiteTeamCountry "HUN"]
[BlackTeamCountry "HUN"]

1. d4 Nf6 2. Bg5 d5 3. Bxf6 exf6 4. e3 Bd6 5. Bd3 f5 6. Ne2 0-0 7. c4 dxc4 8. Bxc4 Nd7 9. 0-0 Nf6 10. h3 Qe7 11. Nbc3 c6 12. Qc2 Be6 13. Bd3 g6 14. a3 Rac8 15. b4 Bb8 16. Rac1 Nh5 17. g3 Qg5 18. Kh2 Rcd8 19. Rg1 Qh6 20. Rg2 f4 21. Nxf4 Nxf4 22. gxf4 Bxh3 23. Rg3 Be6+ 24. Kg2 Bd5+ 25. Nxd5 Rxd5 26. Be2 Kh8 27. Rh1 Qg7 28. Bf3 Rd6 29. Qc5 f5 30. Rgh3 h5 31. Rg3 b6 32. Qc3 Qh6 33. Rg5 Qh7 34. d5+ Qg7 35. Rhxh5+ Kg8 36. Qc4 c5 37. bxc5 bxc5 38. Rh1 Qc7 39. Qc3 Rdf6 40. Rg3 R8f7 41. Rh6 Qd6 42. Rgh3 Rg7 43. Qb2 Qb6 44. Rh8+ Kf7 45. Rxb8 1-0

[Event "HUN-chT2 Szechenyi 1314"]
[Site "Hungary"]
[Date "2013.09.22"]
[Round "2.4"]
[White "Kiss, Robert"]
[Black "Horvath, Rudolf2222"]
[Result "1/2-1/2"]
[WhiteElo "2100"]
[BlackElo "1899"]
[PlyCount "129"]
[EventDate "2013.09.08"]
[EventType "team-tourn"]
[EventRounds "11"]
[EventCountry "HUN"]
[SourceTitle "EXT 2016"]
[Source "ChessBase"]
[SourceDate "2015.10.08"]
[SourceVersion "1"]
[SourceVersionDate "2015.10.08"]
[SourceQuality "1"]
[WhiteTeam "Arboretum"]
[BlackTeam "Veszprem"]
[WhiteTeamCountry "HUN"]
[BlackTeamCountry "HUN"]

1. d4 d5 2. Bg5 h6 3. Bh4 Nf6 4. Bxf6 exf6 5. e3 Bf5 6. Bd3 Bxd3 7. Qxd3 c6 8. Ne2 Bd6 9. 0-0 g6 10. b3 Nd7 11. c4 0-0 12. Nbc3 dxc4 13. bxc4 a6 14. c5 Nxc5 15. Qc4 Ne6 16. Ne4 f5 17. Nxd6 Qxd6 18. Rfc1 Rfd8 19. Rab1 Rd7 20. Rb6 f4 21. Rcb1 fxe3 22. fxe3 Qe7 23. Qb3 c5 24. Nf4 Nxf4 25. exf4 cxd4 26. Rxg6+ Kh7 27. Rg3 Qe4 28. Rd1 Rc8 29. h3 Qc2 30. Qf3 Rc3 31. Rd3 Qb1+ 32. Kh2 Qxd3 33. Qxd3+ Rxd3 34. Rxd3 b5 35. g4 a5 36. Kg3 b4 37. Kf2 Rc7 38. Ke1 Rc2 39. a3 Rc3 40. Rxd4 Rxa3 41. h4 Rc3 42. Kd2 Rc5 43. Rd7 Kg7 44. Rb7 Rc4 45. g5 hxg5 46. fxg5 Rxh4 47. Ra7 Rh2+ 48. Kd3 Ra2 49. Kc4 Kg6 50. Kb3 Ra3+ 51. Kb2 Kxg5 52. Rxf7 Re3 53. Ra7 Re5 54. Kb3 Kf5 55. Rd7 Ke6 56. Rd3 Rd5 57. Rh3 Kd6 58. Ka4 Kc5 59. Rh4 Kd6 60. Rg4 Kc7 61. Rh4 Rc5 62. Rh6 Kb7 63. Rg6 Rc1 64. Kxa5 b3 65. Rb6+ 1/2-1/2

[Event "HUN-chT2 Szechenyi 1314"]
[Site "Hungary"]
[Date "2013.09.08"]
[Round "1.4"]
[White "Ugroczky, Peter"]
[Black "Kiss, Robert"]
[Result "0-1"]
[WhiteElo "1869"]
[BlackElo "2100"]
[PlyCount "200"]
[EventDate "2013.09.08"]
[EventType "team-tourn"]
[EventRounds "11"]
[EventCountry "HUN"]
[SourceTitle "EXT 2016"]
[Source "ChessBase"]
[SourceDate "2015.10.08"]
[SourceVersion "1"]
[SourceVersionDate "2015.10.08"]
[SourceQuality "1"]
[WhiteTeam "Szombathely Haladas III"]
[BlackTeam "Arboretum"]
[WhiteTeamCountry "HUN"]
[BlackTeamCountry "HUN"]

1. e4 c5 2. d4 cxd4 3. c3 dxc3 4. Nxc3 Nc6 5. Nf3 d6 6. Bc4 e6 7. 0-0 Be7 8. Qe2 Nf6 9. Rd1 e5 10. h3 0-0 11. Bg5 Be6 12. Bxf6 gxf6 13. g4 Qd7 14. Kh2 Kh8 15. Rg1 Rg8 16. Nd5 Rac8 17. Bb5 Qd8 18. Rad1 a6 19. Bxc6 bxc6 20. Nxe7 Qxe7 21. Qxa6 d5 22. b3 d4 23. Qd3 c5 24. Rc1 Ra8 25. Rc2 Ra5 26. Nd2 Rga8 27. a4 Rb8 28. Nc4 Ra7 29. Rg3 Rb4 30. h4 Rab7 31. Na5 R7b6 32. g5 fxg5 33. Rxg5 f6 34. Rg2 Bxb3 35. Nxb3 Rxb3 36. Qc4 Rb8 37. Rc1 Qd7 38. Qxc5 Rh3+ 39. Kg1 Rxh4 40. f3 Rh6 41. a5 d3 42. a6 d2 43. Rd1 Qa4 44. Rgxd2 Rg6+ 45. Kf2 Qxa6 46. Rd8+ Rg8 47. Rxg8+ Rxg8 48. Rc1 Qe6 49. Qc6 Qxc6 50. Rxc6 Kg7 51. Ke3 Ra8 52. Rc3 Kg6 53. f4 exf4+ 54. Kxf4 Ra5 55. Rg3+ Rg5 56. Rh3 h5 57. Rh1 Rg4+ 58. Kf3 Kg5 59. Re1 Rf4+ 60. Kg2 Kg6 61. Kg3 Rg4+ 62. Kf3 Rg5 63. Rh1 Kf7 64. Ra1 Rb5 65. Kf4 Rb2 66. Rh1 Rb5 67. Ra1 Re5 68. Rg1 Re8 69. Rh1 Rh8 70. Kf5 h4 71. Kg4 Ke6 72. Rh3 Ke5 73. Kf3 Rh7 74. Ke3 Rh5 75. Kf3 Rh6 76. Ke3 Rh8 77. Kf3 Kd4 78. Kf4 Rh5 79. Rh1 h3 80. Rd1+ Kc5 81. Kg4 Rh6 82. Rh1 Kd4 83. Kf3 Ke5 84. Rh2 Rh7 85. Rh1 h2 86. Ke3 Rh3+ 87. Kf2 Kxe4 88. Kg2 Rh6 89. Kg3 Kf5 90. Rf1+ Kg5 91. Rh1 f5 92. Kg2 Kg4 93. Kf2 Ra6 94. Rxh2 Ra2+ 95. Kg1 Rxh2 96. Kxh2 Kf3 97. Kh3 f4 98. Kh2 Kf2 99. Kh1 f3 100. Kh2 Ke2 0-1

[Event "HUN-chT2 Szechenyi 1112"]
[Site "Hungary"]
[Date "2012.03.12"]
[Round "7.3"]
[White "Smideliusz, Mark"]
[Black "Kiss, Robert"]
[Result "1/2-1/2"]
[WhiteElo "2030"]
[BlackElo "2072"]
[PlyCount "44"]
[EventDate "2011.09.25"]
[EventType "team-tourn"]
[EventRounds "11"]
[EventCountry "HUN"]
[SourceTitle "EXT 2013"]
[Source "ChessBase"]
[SourceDate "2012.11.22"]
[SourceVersion "1"]
[SourceVersionDate "2012.11.22"]
[SourceQuality "1"]
[WhiteTeam "Sarvar"]
[BlackTeam "Arboretum"]
[WhiteTeamCountry "HUN"]
[BlackTeamCountry "HUN"]

1. d4 d5 2. Nf3 Bg4 3. e3 Nf6 4. c4 c6 5. Nc3 e6 6. h3 Bh5 7. g4 Bg6 8. Ne5 Ne4 9. Nxg6 Nxc3 10. Qb3 hxg6 11. bxc3 Qb6 12. c5 Qxb3 13. axb3 Be7 14. b4 Kd7 15. Bd2 Kc7 16. b5 cxb5 17. Bxb5 Nc6 18. Ke2 g5 19. Kf3 b6 20. cxb6+ axb6 21. Kg2 Kb7 22. c4 dxc4 1/2-1/2